El arte latino-bizantino en España y las coronas visigodas de Guarrazar (Record no. 23688)
[ view plain ]
| 000 -LEADER | |
|---|---|
| campo de control de longitud fija | 00841nam a2200217 i 4500 |
| 001 - NÚMERO DE CONTROL | |
| campo de control | 23688 |
| 003 - IDENTIFICADOR DE NÚMERO DE CONTROL | |
| campo de control | ES-MaACL |
| 005 - FECHA Y HORA DE LA ÚLTIMA TRANSACCIÓN | |
| campo de control | 20231224062911.0 |
| 007 - CAMPO FIJO DE DESCRIPCIÓN FÍSICA--INFORMACIÓN GENERAL | |
| campo de control de longitud fija | t| |
| 008 - DATOS DE LONGITUD FIJA--INFORMACIÓN GENERAL | |
| campo de control de longitud fija | 021212s1861 sp ||||1| spa d |
| 100 1# - ENTRADA PRINCIPAL--NOMBRE DE PERSONA | |
| Nombre de persona | Amador de los Ríos, José, |
| Fechas asociadas al nombre | 1818-1878 |
| 9 (RLIN) | 21088 |
| 245 13 - MENCIÓN DEL TÍTULO | |
| Título | El arte latino-bizantino en España y las coronas visigodas de Guarrazar |
| Resto del título | : ensayo histórico-crítico / |
| Mención de responsabilidad, etc. | por José Amador de los Ríos. |
| 260 ## - PUBLICACIÓN, DISTRIBUCIÓN, ETC. | |
| Lugar de publicación, distribución, etc. | Madrid : |
| Nombre del editor, distribuidor, etc. | [s.n.], |
| Fecha de publicación, distribución, etc. | 1861 ( |
| Fabricante | Imp. Nacional) |
| 300 ## - DESCRIPCIÓN FÍSICA | |
| Extensión | 174 p., 6 h. de lám. ; |
| Dimensiones | 30 cm. |
| 490 1# - MENCIÓN DE SERIE | |
| Mención de serie | Memorias de la Real Academia de San Fernando |
| 650 #4 - PUNTO DE ACCESO ADICIONAL DE MATERIA--TÉRMINO DE MATERIA | |
| Término de materia o nombre geográfico como elemento de entrada | Orfebrería visigoda. |
| 9 (RLIN) | 163509 |
| 651 #4 - PUNTO DE ACCESO ADICIONAL DE MATERIA--NOMBRE GEOGRÁFICO | |
| Nombre geográfico | Guadamur- |
| Subdivisión general | Restos arqueológicos visigóticos. |
| 9 (RLIN) | 150898 |
| 830 0# - PUNTO DE ACCESO ADICIONAL DE SERIE-TÍTULO UNIFORME | |
| Título uniforme | Memorias de la Real Academia de San Fernando |
| 9 (RLIN) | 229051 |
| 852 ## - LOCALIZACIÓN | |
| Ubicación | ES-MaACL |
| Número de control de estantería | F-14523 |
| Estatus retirado | Estado de pérdida | Estado de daño | No para préstamo | Colección | Biblioteca de origen | Biblioteca actual | Ubicación en estantería | Fecha de adquisición | Fuente de adquisición | Total de préstamos | Signatura topográfica completa | Código de barras | Visto por última vez | Precio de reemplazo | Tipo de ítem Koha |
|---|---|---|---|---|---|---|---|---|---|---|---|---|---|---|---|
| Libros del s. XIX | Biblioteca del Ateneo de Madrid | Biblioteca del Ateneo de Madrid | Sala Pecera Planta 2 | 17/01/2008 | F-14523 | 1024411 | 23/02/2023 | 23/02/2023 | Libro impreso antiguo |
